000 00435nas a22001817i 4500
001 7882
003 OSt
005 20170216211011.0
007 tu
008 161220s xxu||||| |||| 00| 0 d
022 _a 1862-4944
024 7 _a7882
_2RID
040 _cOSt
245 0 0 _a HWWI Policy Report
260 _aHamburg.
500 0 0 _aeinzelne Reports vorhanden, nicht katalogisiert
110 2 _a Hamburgisches WeltWirtschafts Institut (HWWI)
942 _cP
999 _c6669
_d6669